[Event "Cologne Longerich op-B 12th"]
[Site "Cologne"]
[Date "2015.07.31"]
[Round "1"]
[White "Plitt, Stefan"]
[Black "Yon, Gregory"]
[Result "1-0"]
[WhiteElo "1655"]
[BlackElo "1506"]
[PlyCount "85"]
[EventDate "2015.07.31"]
[EventType "tourn"]
[EventRounds "5"]
[EventCountry "GER"]
[SourceTitle "EXT 2017"]
[Source "ChessBase"]
[SourceDate "2016.10.25"]
[SourceVersion "1"]
[SourceVersionDate "2016.10.25"]
[SourceQuality "1"]

1. c4 e5 2. Nc3 Nf6 3. Nf3 Nc6 4. e3 d5 5. cxd5 Nxd5 6. Bb5 Qd6 7. 0-0 Be7 8. e4 Nf4 9. d4 exd4 10. Nxd4 0-0 11. Nxc6 bxc6 12. Bxf4 Qxf4 13. Bxc6 Rb8 14. Nd5 Qe5 15. Nxe7+ Qxe7 16. Qc2 Qf6 17. b3 Rb6 18. Rac1 Qg6 19. e5 Bf5 20. Qc3 h5 21. g3 Rd8 22. Bg2 c6 23. Rfd1 Rxd1+ 24. Rxd1 Be4 25. Qe3 Bxg2 26. Kxg2 Qc2 27. Qf3 Qg6 28. Rd4 Rb5 29. Rd6 Qg5 30. Rxc6 Rxe5 31. Rc8+ Kh7 32. Qxf7 Rf5 33. Qxa7 Ra5 34. Qd4 Rd5 35. Qe4+ Rf5 36. Rc5 g6 37. Rxf5 gxf5 38. Qf4 Qf6 39. h4 Qc6+ 40. Qf3 Qe4 41. Qxe4 fxe4 42. f3 e3 43. Kf1 1-0

[Event "Leverkusen Bayer op 10th"]
[Site "Leverkusen"]
[Date "2012.02.22"]
[Round "4"]
[White "Roder, Stephan"]
[Black "Yon, Gregory"]
[Result "1/2-1/2"]
[WhiteElo "1391"]
[BlackElo "1447"]
[PlyCount "120"]
[EventDate "2012.01.11"]
[EventType "swiss"]
[EventRounds "7"]
[EventCountry "GER"]
[SourceTitle "EXT 2014"]
[Source "ChessBase"]
[SourceDate "2013.11.20"]
[SourceVersion "1"]
[SourceVersionDate "2013.11.20"]
[SourceQuality "1"]

1. e4 e5 2. Nf3 Nc6 3. Bb5 Nf6 4. d3 d6 5. Be3 Bd7 6. 0-0 Be7 7. Nbd2 0-0 8. c3 a6 9. Bxc6 Bxc6 10. h3 h6 11. Nh2 d5 12. f3 d4 13. cxd4 exd4 14. Bf4 Nh5 15. Bxh6 gxh6 16. f4 Ng7 17. f5 Bg5 18. Ndf3 Be3+ 19. Kh1 f6 20. Nh4 Be8 21. Ng4 Bf7 22. Nxe3 dxe3 23. Qe2 Qd4 24. Rf3 Rad8 25. Rg3 Kh7 26. Rxe3 Rh8 27. g4 Kg8 28. Nf3 Qb6 29. a3 Rd6 30. e5 fxe5 31. Nxe5 Bd5+ 32. Kh2 Rf6 33. Nd7 Qd6+ 34. Ne5 Kh7 35. Kg1 Re8 36. b4 Bc6 37. Nxc6 Qxc6 38. Rxe8 Qxe8 39. Qf3 Qc6 40. Qe4 Qxe4 41. dxe4 Rc6 42. Re1 Ne8 43. Re3 Kg7 44. Kf2 Kf6 45. e5+ Ke7 46. h4 Rc2+ 47. Kg3 c6 48. g5 h5 49. g6 Rc4 50. Kh3 Rf4 51. f6+ Nxf6 52. exf6+ Kxf6 53. Rd3 Kxg6 54. Rg3+ Kh6 55. Rd3 Rf7 56. Rd6+ Kg7 57. Kg3 Rf6 58. Rd7+ Rf7 59. Rd6 Rc7 60. Kf4 c5 1/2-1/2

[Event "Leverkusen Bayer op 9th"]
[Site "Leverkusen"]
[Date "2011.04.11"]
[Round "7"]
[White "Scharff, Klaus"]
[Black "Yon, Gregory"]
[Result "1/2-1/2"]
[WhiteElo "1887"]
[BlackElo "1370"]
[PlyCount "108"]
[EventDate "2011.01.10"]
[EventType "swiss"]
[EventRounds "7"]
[EventCountry "GER"]
[SourceTitle "EXT 2012"]
[Source "ChessBase"]
[SourceDate "2011.11.24"]
[SourceVersion "1"]
[SourceVersionDate "2011.11.24"]
[SourceQuality "1"]

1. d4 d5 2. c4 e6 3. Nc3 Nf6 4. Bg5 Be7 5. e3 Nbd7 6. Nf3 c5 7. Bd3 cxd4 8. exd4 dxc4 9. Bxc4 0-0 10. 0-0 Nb6 11. Bb3 Bd7 12. Re1 Rc8 13. Qe2 Re8 14. Ne5 Nfd5 15. Bxe7 Nxe7 16. Nxf7 Kxf7 17. Bxe6+ Bxe6 18. Qxe6+ Kf8 19. Re3 Nd7 20. Ne4 Ng6 21. Qd6+ Qe7 22. Qd5 Rc6 23. Ng5 Nf6 24. Nxh7+ Nxh7 25. Rxe7 Rxe7 26. Qh5 Rce6 27. h3 Kg8 28. Rc1 Nf4 29. Rc8+ Nf8 30. Qf3 N4g6 31. Qb3 Kh7 32. Qf3 Rf6 33. Qh5+ Kg8 34. Qd5+ Rfe6 35. f3 Nf4 36. Qb3 Ne2+ 37. Kh2 Nxd4 38. Qd5 Nc6 39. f4 g6 40. f5 gxf5 41. Qxf5 Re8 42. Qg5+ Kf7 43. Qh5+ Ng6 44. Qh7+ Kf6 45. Rxe8 Rxe8 46. Qxb7 Nge5 47. Qc7 Rb8 48. b3 Rb4 49. g4 Rd4 50. Qc8 Rd2+ 51. Kg3 Rd3+ 52. Kf4 Rd4+ 53. Ke3 Rd3+ 54. Ke4 Rd4+ 1/2-1/2

[Event "Leverkusen Bayer op 9th"]
[Site "Leverkusen"]
[Date "2011.01.24"]
[Round "2"]
[White "Yon, Gregory"]
[Black "Witte, Thomas"]
[Result "0-1"]
[WhiteElo "1370"]
[BlackElo "1823"]
[PlyCount "20"]
[EventDate "2011.01.10"]
[EventType "swiss"]
[EventRounds "7"]
[EventCountry "GER"]
[SourceTitle "EXT 2012"]
[Source "ChessBase"]
[SourceDate "2011.11.24"]
[SourceVersion "1"]
[SourceVersionDate "2011.11.24"]
[SourceQuality "1"]

1. c4 e5 2. Nc3 Nc6 3. g3 f5 4. d3 Bb4 5. Bg2 Nf6 6. Nf3 d6 7. 0-0 Bxc3 8. bxc3 0-0 9. e3 Qe8 10. Nh4 e4 0-1